000 00258 a2200097 4500
001 41294
100 _aJafri
245 _aA hand book for guidance workers in the secomdary schools of Pakistan
260 _aLahore
_bMaqbool Academy
_c
090 _c25487
_d25487
942 _aNUST-CAE
_cM
_c17210
999 _c276367
_d276367